Gyermekkori húgyúti fertőzések klinikai döntéshozatal mikrobiológiai alapokon /

Elmentve itt :
Bibliográfiai részletek
Szerzők: Sinkó Mária
Balog Attila
Orosz László
Dokumentumtípus: Cikk
Megjelent: 2026
Sorozat:GYERMEKGYÓGYÁSZAT 77. évf. No. 2.sz.
Tárgyszavak:
mtmt:37095327
Online Access:http://publicatio.bibl.u-szeged.hu/40023
LEADER 00746nab a2200217 i 4500
001 publ40023
005 20260502125004.0
008 260502s2026 hu o 000 hun d
022 |a 0017-5900 
024 7 |a 37095327  |2 mtmt 
040 |a SZTE Publicatio Repozitórium  |b hun 
041 |a hun 
100 1 |a Sinkó Mária 
245 1 0 |a Gyermekkori húgyúti fertőzések  |h [elektronikus dokumentum] :  |b klinikai döntéshozatal mikrobiológiai alapokon /  |c  Sinkó Mária 
260 |c 2026 
300 |a 123-127 
490 0 |a GYERMEKGYÓGYÁSZAT  |v 77. évf. No. 2.sz. 
650 4 |a Klinikai orvostan 
700 0 1 |a Balog Attila  |e aut 
700 0 1 |a Orosz László  |e aut 
856 4 0 |u http://publicatio.bibl.u-szeged.hu/40023/1/2026-02-05a-sinko.pdf  |z Dokumentum-elérés